00245nam a2200097Ia 4500008004100000100001800041245002500059260003700084260000900121999001700130170620s9999 xx 000 0 und d aPrakash- Shri 0aEducational Planning bNew Delhi- Gyan Publishing House c2007 c24187d24187